Central Library OPAC University of Rajshahi
Normal view MARC view

Entry Personal Name

Number of records used in: 3

001 - CONTROL NUMBER

  • control field: 11221

003 - CONTROL NUMBER IDENTIFIER

  • control field: BD-RjUL

005 - DATE AND TIME OF LATEST TRANSACTION

  • control field: 20240129114257.0

008 - FIXED-LENGTH DATA ELEMENTS

  • fixed length control field: 240129|| aca||aabn | a|a d

040 ## - CATALOGING SOURCE

  • Original cataloging agency: BD-RjUL
  • Transcribing agency: BD-RjUL

100 ## - HEADING--PERSONAL NAME

  • Personal name: Le Queux, William,
  • Dates associated with a name: 1864-1927

670 ## - SOURCE DATA FOUND

  • Source citation: Work cat.: (BD-RjUL)82837: Le Queux, William, 1864-1927., The money-spider,, [c1911]